Datentransportkostenoptimale Gestaltung von Rechnernetzen

Saved in:
Bibliographic Details
Main Author: Demmer, Hans
Format: Book
Language:German
Published: Berlin Springer 1987
Edition:1. Aufl.
Tags: Add Tag
No Tags, Be the first to tag this record!

MARC

LEADER 00000nam a2200000 4500
001 c035913
005 20221219110844.1
041 0 |a ger 
044 |a DE 
245 1 0 |a Datentransportkostenoptimale Gestaltung von Rechnernetzen  |c Hans Demmer 
250 |a 1. Aufl. 
264 1 |a Berlin  |b Springer  |c 1987 
300 |a 253 s. 
100 1 |a Demmer, Hans